Pays commençant et finissant par la même lettre - Statistiques

Statistiques générales
  • Ce quiz a été pris 144 fois
    122 depuis la dernière actualisation
  • Le résultat moyen est 7 sur 10
Statistiques - réponses
A % Correct
Espagne
82%
Ethiopie
81%
Erythrée
76%
Estonie
75%
Angola
73%
Antigua-et-Barbuda
72%
Egypte
63%
Saint-Vincent-et-les-Grenadines
61%
Saint-Christophe-et-Niévès
58%
Seychelles
54%
Aucun quiz correspondant
Distribution des résultats
% des personnes avec chaque résultat
Percentile par nombre de réponses
Votre historique - résultats
Vous n’avez pas pris ce quiz depuis la dernière actualisation